Statistiques concernant Inazuma eleven, Coupe du monde

Cliquez ici pour prendre le quiz!

Statistiques générales

  • Ce quiz a été pris 636 fois
    (368 depuis la dernière actualisation)
  • Le résultat moyen est 10 sur 16

Statistiques - réponses

HintRéponse% Correct
Mmark evans
93%
Aaxel blaze
90%
Xxavier foster
79%
Kkevin dragonfly
72%
Nnathan swift
72%
Sshawn frost
69%
Jjack wallside
65%
Aarcher hawkins
62%
Ccaleb stonewall
61%
Ddarren lachance
60%
Aaustin hobbes
58%
Hhurley kane
58%
Ttod ironside
54%
Jjordan greenway
51%
Tthor stoutberg
38%
Sscott banyan
33%

Distribution des résultats

Percentile par nombre de réponses

% des personnes avec chaque résultat

Votre développement - résultats

Vous n’avez pas pris ce quiz depuis la dernière actualisation